00525nam a2200157Ia 4500008004100000041001200041082001700053100001300070245002100083260003600104300001200140650001700152942000700169999001900176952017200195231217s9999 xx 000 0 und d aEnglish a540.076 FOG aFogiel M 0aGRE in chemistry c1993bRes & Found Assn., New Je axii+467 aChemistryGRE cAA c163426d163426 r2024-01-26 00:00:00l0o540.076 FOGp7207v810.88w2024-01-26yAA1040708FBA00aMLbMLcFBLAd1994-11-22eMega Booksg24.95ECHEK375L07/01/1998GUSDF32.5V0W0